00639nam a2200157 a 450000100100000000500170001000800410002704000250006808200080009324501360010126000460023730000360028370000370031995201080035699900170046400003979520201002033735.0130722s1996 dr 000 0 spa d aDO-SdBNPbspacBNPHU axxx10aSanto Domingo y sus monumentos coloniales =bSanto Domingo and its colonial monuments /ceditores Luis Sánchez Ortíz...[et.a.]. aSanto Domingo :bEdiciones pasado,c1996. a127 p. :bil., retrs. ;c20 cm.1 aScheker Ortíz, Luiseed.99515 0010718PDaGRbGRcCTd2013-07-22iLF1l0oxxx p39795-10r2020-06-25w2020-06-25yLFPDZNo se presta c39285d39285